01182 2200397 4500001002100000005001500021035002000036007000300056008004100059020002200100040002200122082001600144084001800160090002200178090002200200090002100222100002100243245011900264250002600383300005000409650001000459650001600469700002800485700002900513850001200542041000800554504002900562264003500591336002100626337003000647338002300677999002200700990002200722990002000744990002000764INLIS00000000084550820191219094840 a0010-0419000367ta190408r2018 yoia b ind d a978-602-5479-38-0 aYOPDYOGbinderda04223a297.125 a297.125 SUM c aDEP 297.125 SUM c aCB-D.11 2018-1242 aPK 297.125 SUM c0 aSumentiepenulis1 aCerita 7 menit :bsambil mengenal hadits sehari-hari /cpenulis, Sumenti, Devi Ardiyanti; penyunting, Zhivana A.U. aCetakan pertama, 2018 avi, 154 halaman :bilustrasi, gambar ;c24 cm 4aHadis 4aBacaan Anak0 aDevi Ardiyantiepenulis0 aZhivana A.U.epenyunting aYOPDYOG0 aind aBibliografi: halaman 15334aYogyakarta :bChecklist,c2018 2rdacontentateks 2rdamediaatanpa perantara 2rdacarrieravolume aCB-D.11/2018-1242 aCB-D.11/2018-1242 a38673-PD/B.2019 a38674-PD/B.2019